| 000 | 00665nam a2200217 u 4500 | ||
|---|---|---|---|
| 005 | 20230316063550.0 | ||
| 008 | 160609s2008 r 000 0 eng d | ||
| 020 | _a9789501123401 | ||
| 035 | _aUPN01000211321 | ||
| 049 | _aI | ||
| 050 | 4 |
_aBF575 G7 _bM4.3 |
|
| 100 | 1 |
_aMedina, Sarah _938309 |
|
| 245 | 1 | 0 |
_aEstoy triste / _cSarah Medina ; adaptación de Catalina Prilick ; il. Jo Brooker. |
| 260 |
_aBuenos Aires : _bSigmar, _c2008. |
||
| 300 |
_a24 p. : _bil. col. |
||
| 440 | 0 | _aMis sentimientos | |
| 650 | 4 |
_aTristeza _vLiteratura infantil _921349 |
|
| 650 | 4 |
_aEmociones en niños _vLiteratura infantil _921332 |
|
| 905 | _aInfantil | ||
| 999 |
_c183422 _d183422 |
||